| 000 | 00908nam a2200229Ia 4500 | ||
|---|---|---|---|
| 999 |
_c3964 _d3964 |
||
| 003 | OSt | ||
| 005 | 20200424115353.0 | ||
| 008 | 191128s2006 ck a br 000 j spa d | ||
| 020 | _a9789580493921 | ||
| 040 |
_aCO-JMCR _cCO-JMCR |
||
| 041 | 0 | _aspa | |
| 082 | 0 | 4 |
_aC / _bKASc |
| 100 | 1 |
_aKasza, Keiko, _eautor _93534 |
|
| 245 | 1 | 0 |
_aChoco encuentra una mamá / _cKeiko Kasza ; traducción María Paz Amaya |
| 260 |
_aBogotá : _bNorma, _c2006 |
||
| 300 |
_a32 páginas : _bilustraciones a color ; _c24 cm. |
||
| 490 | 0 | _aBuenas noches | |
| 520 | _aChoco es un pequeño pájaro amarillo que está buscando desesperadamente una mamá. Aunque la busca aquí y allá, le es imposible encontrarla, ninguno de los animales parece el indicado. Solamente cuando ya ha perdido todas las esperanzas. | ||
| 650 | 1 | 4 |
_aCuentos infantiles _93535 |
| 700 |
_aPaz Amaya, María, _etraducción _93536 |
||
| 942 |
_2ddc _cBK |
||